LEADER 00881nam a2200217 i 4500 001 000000193916 003 CaOOAMICUS 005 20101102000000.0 008 101102s1971 it u000 u ita u 013 $a172560 040 $aSeMil$bita 100 1 $aFaldi, Emilio Felice.$0(OLS)http://semarc/name/54421 245 10$aTommaso Reggio :$barcivescovo di Genova /$cEmilio Felice Faldi. 260 $aGenova :$bStringa,$c1971. 300 $aXII, 222 p., [10] p. di tav. ;$c23 cm. 500 $aContiene : Appendici. 650 4$aReggio, Tommaso .$0(OLS)http://semarc/subject/15397 850 $aSeMil 852 $aSeMil$W1$xVenegono$y1$m3J III 199$j144490$B144490$CSeMilBibl$Z2$F155800 $81 996 $6245$aTommaso Reggio :$barcivescovo di Genova$9(OLS)http://semarc/title/279564 996 $6260$aGenova :$bStringa$9(OLS)http://semarc/publisher/30291 LEADER 01165nam a2200253 i 4500 001 000000052567 003 CaOOAMICUS 005 20130207000000.0 008 130207s1843 xx u000 u lat u 013 $a23739 040 $aSeMil$bita 100 1 $aScavini, Pietro <1791-1869>.$0(OLS)http://semarc/name/12283 245 10$aJuris canonici institutiones :$bin usum venerandi seminarii novariensis /$cauctore Petro Scavini. 250 $aEditio 3. aucta et accuratior. 260 $aNovariae :$bEx Typographia episcopalis p. Alberti Ibertis,$c1843. 300 $aVIII, 172 p., [1] c. di tav. :$britr. ;$c22 cm. 650 4$aNovara (Diocesi) - Seminario Vescovile.$0(OLS)http://semarc/subject/10667 650 4$aDiritto canonico.$0(OLS)http://semarc/subject/207 850 $aSeMil 852 $aSeMil$W1$xVenegono$y1$m2H II 46 FA$j18721$B18721$CSeMilBibl$Z2$F18723 $8I 941 1 $a10 961 $aRecupero: Mantegazza 996 $6245$aJuris canonici institutiones :$bin usum venerandi seminarii novariensis$9(OLS)http://semarc/title/80696 996 $6260$aNovariae :$bEx Typographia episcopalis p. Alberti Ibertis$9(OLS)http://semarc/publisher/41477